000 00598nam a2200157 a 4500
001 000037992
005 20250211094044.0
008 130311s2008 dr ac 000 0 spa d
040 _aDO-SdBNP
_bspa
_cBNPHU
245 0 0 _aCompartiendo buenas prácticas administrativas /
_cBienvenido Liriano.
246 1 4 _aCompartiendo buenas prácticas en la administración pública dominicana
260 _aSanto Domingo :
_bCONARE,
_c2008.
300 _av. :
_bil., retrs. ;
_c23 cm.
700 1 _aLiriano, Bienvenido
_ecoor.
_964400
710 1 _aRepública Dominicana. Consejo Nacional de Reforma del Estado
_964396
999 _c37482
_d37482